000 00372 a2200169 4500
001 46006
020 _a8506044634
040 _cAnchieta - Aquarius
100 _aMuniz, Flávia
240 1 0 _aRita, não grita!
_lpor
245 1 0 _aRita, não grita!
300 _a16
362 0 _a2005
440 1 _aMelhoramentos
650 4 _aLiteratura infanto-juvenil
942 _cBK
999 _c46006
_d46006